000 00494pab a2200181 454500
008 180718b2009 xxu||||| |||| 00| 0 eng d
100 _aHood, John
245 _aLow-cost insurance schemes in Scottish social housing: an empirical study of availability and tenants' participation
260 _c2009
300 _ap.1807-827.
362 _aAug
650 _aInsurance
700 _aMcCann, Claire
700 _aStein, William
773 _aUrban Studies
908 _aN
909 _a83770
999 _c83770
_d83770